Na cestě k rozšíření eurozóny: Nové členské státy ve světle makroekonomické konvergence

Nová konvergenčná správa hodnotiaca pokrok štátov Európskej únie, ktoré zatiaľ neprijali spoločnú menu, pri plnení maastrichtských kritérií. Stav procesu makroekonomickej konvergencie v roku 2006 a jeho porovnanie so stavom pred dvomi rokmi. Mechanizmus regulácie výmenných kurzov. Maďarsko ako kraji...

ver descrição completa

Na minha lista:
Detalhes bibliográficos
Autor principal: Hřích, Jan
Formato: Capítulo de Livro
Idioma:tcheco
Assuntos:
Tags: Adicionar Tag
Sem tags, seja o primeiro a adicionar uma tag!

MARC

LEADER 00000naa$a2200000$$$4500
001 0055608
005 20231016092918.7
041 0 |a cze 
044 |a CZ 
245 1 0 |a Na cestě k rozšíření eurozóny: Nové členské státy ve světle makroekonomické konvergence  |c Jan Hřích 
520 |a Nová konvergenčná správa hodnotiaca pokrok štátov Európskej únie, ktoré zatiaľ neprijali spoločnú menu, pri plnení maastrichtských kritérií. Stav procesu makroekonomickej konvergencie v roku 2006 a jeho porovnanie so stavom pred dvomi rokmi. Mechanizmus regulácie výmenných kurzov. Maďarsko ako krajina najviac vzdialená od eura. Situácia v pobaltských krajinách a v Poľsku. Česko spĺňa tri zo štyroch kritérií. 
610 2 0 |a eurozóna 
610 2 0 |a euro 
610 2 0 |a Európska únia 
610 2 0 |a kurz výmenný 
610 2 0 |a politika menová 
610 2 0 |a reformy 
610 2 0 |a spolupráca hospodárska medzinárodná 
610 2 0 |a trh finančný 
610 2 0 |a makroekonomika 
610 2 0 |a konvergencia 
100 1 |a Hřích, Jan